| 000 | 00898nam a22001815i 4500 | ||
|---|---|---|---|
| 001 | 160559 | ||
| 003 | ES-MaACL | ||
| 005 | 20250719063320.0 | ||
| 008 | 000201s1872 sp |||| | spa d | ||
| 040 |
_aCAM _bspa _cCAM |
||
| 100 | 1 |
_aNavarro Gonzalvo, Eduardo, _d1846-1902 _985134 |
|
| 245 | 1 | 3 |
_aEl talismán de Felisa _b: juguete cómico en dos actos y en verso / _coriginal de Eduardo Navarro Gonzalvo. |
| 260 |
_aMadrid : _b[s.n.], _c1872 ( _fimprenta de José Rodriguez) |
||
| 300 |
_a63 p. ; _c21 cm. |
||
| 500 | _aEn port.: Estrenado con aplauso en el Teatro Martín de esta corte la noche del 22 de enero de 1872. | ||
| 852 |
_aES-MaACL _jF-8578(14) _z-- Enc. pasta española _z-- Dedicatoria ms. de autor a Lino Mata _q-- Falto de la cub. original _z-- Enc. en un vol. facticio formando parte de la col. faciticia "Teatro español moderno", vol. 31 |
||
| 999 |
_c160559 _d160559 |
||